Rozpoznaj freestyle'owca po opisie. - Statystyki

Ogólne statystyki
  • Ten quiz został rozwiązany 620 razy
  • Średni wynik to 11 z 15
Statystyki odpowiedzi
Hint Odpowiedź % Poprawnych
Jego walka z Bapką przeszła do historii freestyle'u. Filipek
98%
"Mówiłeś pytanie do publiczności człowiek, kto dzisiaj wygrywa WBW?" Bober
95%
Na bitwach pojawia się w kominiarce. Syn Młynarza
88%
Zwycięzca WBW 2018. Ryba
87%
Jego najpopularniejszy punch jest związany z portem USB. Yowee
87%
Chudy w okularach. Spartiak
86%
Wygrał Bitwę o Południe w styczniu 2020 roku. Kaz
83%
Znany z puncha podczas którego kucnął. Babinci
82%
Zwycięzca trzeciej edycji Bitwy o Pitos. Pueblos
79%
Znany ze "stylóweczki". Oset
78%
Prowadzący WBW 2020. Murzyn
70%
Dobry kolega Filipka. Pejter
63%
Pokonał Bodzia w 1/8 finału eliminacji WBW 2018. Q-Key
51%
Był w duecie z Peusem na bitwie dwójek w 2020 roku. Feranzo
43%
Dostał WBW Award za najlepszy progres w 2019 roku. Quesh
43%
Nie znaleziono quizów pasujących do podanych kryteriów
Rozkład punktacji
Procent ludzi z każdym wynikiem
Percentyl według liczby udzielonych odpowiedzi
Twoja historia wyników
Nie rozwiązałeś tego quizu